|
|
|
|
| LEADER |
00000nam0a2200000 4500 |
| 001 |
132497 |
| 005 |
20231101220352.0 |
| 010 |
|
|
|a 9785941780426
|
| 035 |
|
|
|a (RuTPU)RU\TPU\book\143468
|
| 090 |
|
|
|a 132497
|
| 100 |
|
|
|a 20080304d2007 m y0rusy50 ca
|
| 101 |
0 |
|
|a rus
|
| 102 |
|
|
|a RU
|
| 105 |
|
|
|a a j 001zy
|
| 200 |
1 |
|
|a Основы расчётов деталей машин с задачами и примерами
|e учебное пособие
|f П. Н. Учаев [и др.]
|
| 210 |
|
|
|a Старый Оскол
|c ТНТ
|d 2007
|
| 215 |
|
|
|a 120 с.
|c ил.
|
| 320 |
|
|
|a Библиогр.: с. 119.
|
| 330 |
|
|
|a В учебном пособии изложены основы расчётов по главным критериям работоспособности типовых деталей: на прочность, жёсткость, устойчивость, износостойкость, теплостойкость, вибростойкость, точность, эргономичность. Кроме того, даны краткие сведения о выборе материала, допускаемых напряжений и коэффициентов безопасности. Приведены основы вероятностных расчётов, позволяющих на этапе проектирования прогнозировать надёжность и ресурс отдельных деталей и технических систем. Учебное пособие предназначено для студентов машиностроительных специальностей вузов, соответствует Государственному образовательному стандарту и может быть использовано также студентами техникумов и колледжей, технологами и конструкторами машиностроительных производств.
|
| 606 |
1 |
|
|a Детали машин
|x Расчеты
|2 stltpush
|3 (RuTPU)RU\TPU\subj\72376
|9 85925
|
| 610 |
1 |
|
|a машины
|
| 610 |
1 |
|
|a нагрузка
|
| 610 |
1 |
|
|a прочность
|
| 610 |
1 |
|
|a упрочнение
|
| 610 |
1 |
|
|a материалы
|
| 610 |
1 |
|
|a жесткость
|
| 610 |
1 |
|
|a устойчивость
|
| 610 |
1 |
|
|a износостойкость
|
| 610 |
1 |
|
|a теплостойкость
|
| 610 |
1 |
|
|a колебания
|
| 610 |
1 |
|
|a удары
|
| 610 |
1 |
|
|a вибростойкость
|
| 610 |
1 |
|
|a технические системы
|
| 610 |
1 |
|
|a надежность
|
| 610 |
1 |
|
|a вероятностные расчеты
|
| 610 |
1 |
|
|a долговечность
|
| 610 |
1 |
|
|a эргономичность
|
| 610 |
1 |
|
|a учебные пособия
|
| 610 |
1 |
|
|a машиностроение
|
| 610 |
1 |
|
|a задачи
|
| 610 |
1 |
|
|a примеры
|
| 675 |
|
|
|a 621.81.001.24(075.8)
|v 3
|
| 701 |
|
1 |
|a Учаев
|b П. Н.
|g Петр Николаевич
|
| 701 |
|
1 |
|a Емельянов
|b С. Г.
|g Сергей Геннадьевич
|
| 701 |
|
1 |
|a Захаров
|b И. С.
|g Иван Сафонович
|
| 701 |
|
1 |
|a Косов
|b М. Г.
|g Михаил Георгиевич
|
| 701 |
|
1 |
|a Схиртладзе
|b А. Г.
|g Александр Георгиевич
|
| 701 |
|
1 |
|a Павлов
|b Е. В.
|g Евгений Васильевич
|
| 702 |
|
1 |
|a Учаев
|b П. Н.
|g Петр Николаевич
|4 340
|
| 801 |
|
1 |
|a RU
|b 63413507
|c 20080304
|g PSBO
|
| 801 |
|
2 |
|a RU
|b 63413507
|c 20150702
|g PSBO
|
| 900 |
|
|
|a Детали машин
|
| 900 |
|
|
|a Детали машин и основы конструирования
|
| 900 |
|
|
|a Прикладная механика
|
| 900 |
|
|
|a Техническая механика
|
| 942 |
|
|
|c BK
|
| 951 |
|
|
|b 150900
|b 151000
|
| 959 |
|
|
|a 25/20080304
|d 5
|e 185,00
|f АНЛ:1
|f ЧЗТЛ:1
|f УФ:3
|